<?xml version="1.0" encoding="UTF-8"?>
<record
    xmlns:xsi="http://www.w3.org/2001/XMLSchema-instance"
    xsi:schemaLocation="http://www.loc.gov/MARC21/slim http://www.loc.gov/standards/marcxml/schema/MARC21slim.xsd"
    xmlns="http://www.loc.gov/MARC21/slim">

  <leader>02030nam a22003257a 4500</leader>
  <controlfield tag="003">DO-SdBNP</controlfield>
  <controlfield tag="005">20231009085510.0</controlfield>
  <controlfield tag="008">171020b2009 |00| 0 spa d</controlfield>
  <datafield tag="020" ind1=" " ind2=" ">
    <subfield code="a">99789945001815</subfield>
  </datafield>
  <datafield tag="040" ind1=" " ind2=" ">
    <subfield code="a">BPMSU</subfield>
    <subfield code="b">spa</subfield>
    <subfield code="c">BPMSU</subfield>
  </datafield>
  <datafield tag="082" ind1=" " ind2="4">
    <subfield code="a">RD861.44 </subfield>
    <subfield code="b">M425m 2009</subfield>
    <subfield code="2">22</subfield>
  </datafield>
  <datafield tag="100" ind1="1" ind2=" ">
    <subfield code="a">Morrison, Mateo, </subfield>
    <subfield code="d">1947-</subfield>
  </datafield>
  <datafield tag="245" ind1="1" ind2="0">
    <subfield code="a">Mateo Morrison y su obra po&#xE9;tica :</subfield>
    <subfield code="b">diversas miradas /</subfield>
    <subfield code="c">Mateo Morrison, Franklin Garc&#xED;a Ferm&#xED;n ...[et.al.].</subfield>
  </datafield>
  <datafield tag="260" ind1=" " ind2=" ">
    <subfield code="a">Santo Domingo :</subfield>
    <subfield code="b">UASDj,</subfield>
    <subfield code="c">2009.</subfield>
  </datafield>
  <datafield tag="300" ind1=" " ind2=" ">
    <subfield code="a">103 p. :</subfield>
    <subfield code="c">22 cm.</subfield>
  </datafield>
  <datafield tag="505" ind1="0" ind2=" ">
    <subfield code="a">Mateo recorriendo los caminos de la Patria/ Rafael Nino-F&#xE9;liz -- Discurso pronunciado por el doctor /Franklin Garc&#xED;a Ferm&#xED;n, rector de la Universidad Aut&#xF3;noma de Santo Domingo, en el acto de puesta en circulaci&#xF3;n del libro Las palabras est&#xE1;n ah&#xED; -- Cuerpo, casa y ciudad: un mismo centro. Sobre Las palabras est&#xE1;n ah&#xED; Mateo Morrison / Claudia Hern&#xE1;ndez del Valle -- La alborada verbal de Mateo Morrison / Tony Raful -- (Re)pensar a Mateo Morrison / Federico J&#xF3;vine Berm&#xFA;dez -- Mateo Morrison y la ansilaridad sostenible y coherente: Las palabras est&#xE1;n ah&#xED; / Jos&#xE9; Rosamantes -- Palabras del escritor Carlos Reyes, del circulo literario de Valverde Mao, en la puesta en circulaci&#xF3;n del libro Las palabras est&#xE1;n ah&#xED; -- Otras miradas poes&#xED;a e identidad en Mateo Morrison /Teresa Sald&#xED;var -- La obra fecunda de Mateo Morrison / Rafael Pineda -- Opiniones de diversos escritores acerca de la obra de Mateo Morrison -- Biograf&#xED;a -- Bibliograf&#xED;a activa -- Bibliograf&#xED;a pasiva.</subfield>
  </datafield>
  <datafield tag="590" ind1=" " ind2=" ">
    <subfield code="a">Inventariado, 2023/VM</subfield>
  </datafield>
  <datafield tag="650" ind1=" " ind2="4">
    <subfield code="a"> Poes&#xED;a dominicana </subfield>
    <subfield code="x">Cr&#xED;tica e interpretaci&#xF3;n</subfield>
  </datafield>
  <datafield tag="650" ind1=" " ind2="4">
    <subfield code="a">Literatura dominicana </subfield>
    <subfield code="x">Historia y cr&#xED;tica</subfield>
  </datafield>
  <datafield tag="700" ind1="1" ind2=" ">
    <subfield code="a">Hern&#xE1;ndez del Valle, Claudia </subfield>
  </datafield>
  <datafield tag="700" ind1="1" ind2=" ">
    <subfield code="a">Raful, Tony</subfield>
  </datafield>
  <datafield tag="700" ind1="1" ind2=" ">
    <subfield code="a">J&#xF3;vine Berm&#xFA;dez, Federico</subfield>
  </datafield>
  <datafield tag="700" ind1="1" ind2=" ">
    <subfield code="a">Rosamantes, Jos&#xE9; de</subfield>
  </datafield>
  <datafield tag="700" ind1="1" ind2=" ">
    <subfield code="a">Reyes, Carlos</subfield>
  </datafield>
  <datafield tag="700" ind1="1" ind2=" ">
    <subfield code="a">F&#xE9;liz, Rafael Nino</subfield>
  </datafield>
  <datafield tag="700" ind1="1" ind2=" ">
    <subfield code="a">Zald&#xED;var, Teresa</subfield>
  </datafield>
  <datafield tag="700" ind1="1" ind2=" ">
    <subfield code="a">Pineda, Rafael</subfield>
  </datafield>
  <datafield tag="910" ind1=" " ind2=" ">
    <subfield code="a">VMateo V. Control de calidad BPMSU</subfield>
  </datafield>
  <datafield tag="942" ind1=" " ind2=" ">
    <subfield code="2">ddc</subfield>
    <subfield code="c">BK</subfield>
  </datafield>
  <datafield tag="952" ind1=" " ind2=" ">
    <subfield code="0">0</subfield>
    <subfield code="1">0</subfield>
    <subfield code="2">ddc</subfield>
    <subfield code="4">0</subfield>
    <subfield code="7">0</subfield>
    <subfield code="8">CD</subfield>
    <subfield code="a">BPMET</subfield>
    <subfield code="b">BPMET</subfield>
    <subfield code="d">2017-10-20</subfield>
    <subfield code="l">0</subfield>
    <subfield code="o">BPMSU CG RD861.44  M425m 2009</subfield>
    <subfield code="p">BPMSU17100092</subfield>
    <subfield code="r">2017-10-20</subfield>
    <subfield code="w">2017-10-20</subfield>
    <subfield code="y">BK</subfield>
  </datafield>
  <datafield tag="952" ind1=" " ind2=" ">
    <subfield code="0">0</subfield>
    <subfield code="1">0</subfield>
    <subfield code="2">ddc</subfield>
    <subfield code="4">0</subfield>
    <subfield code="7">0</subfield>
    <subfield code="8">CD</subfield>
    <subfield code="a">BPMET</subfield>
    <subfield code="b">BPMET</subfield>
    <subfield code="d">2017-10-20</subfield>
    <subfield code="l">0</subfield>
    <subfield code="o">BPMSU CG RD861.44  M425m 2009</subfield>
    <subfield code="p">BPMSU17100093</subfield>
    <subfield code="r">2017-10-20</subfield>
    <subfield code="t">e.2</subfield>
    <subfield code="w">2017-10-20</subfield>
    <subfield code="y">BK</subfield>
  </datafield>
  <datafield tag="999" ind1=" " ind2=" ">
    <subfield code="c">12652</subfield>
    <subfield code="d">12652</subfield>
  </datafield>
</record>
